Irrigation engineering and hydraulic structures (Record no. 31592)

MARC details
000 -LEADER
fixed length control field 00458nam a2200169Ia 4500
020 ## - INTERNATIONAL STANDARD BOOK NUMBER
ISBN 9789350141311
050 ## - CALL MARK
Classification number TC 805 .S24/
245 #0 - TITLE STATEMENT
Title Irrigation engineering and hydraulic structures
260 ## - PUBLICATION, DISTRIBUTION, ETC. (IMPRINT)
Place of publication New Delhi
260 ## - PUBLICATION, DISTRIBUTION, ETC. (IMPRINT)
Name of publisher S. K. Kataria & Sons
260 ## - PUBLICATION, DISTRIBUTION, ETC. (IMPRINT)
Year of publication 2013
300 ## - PHYSICAL DESCRIPTION
Number of Pages 982 p
650 ## - SUBJECT ADDED ENTRY--TOPICAL TERM
Topical Term Irrigation engineering. Hydraulic structures.
942 ## - ADDED ENTRY ELEMENTS (KOHA)
Koha item type Books
Holdings
Withdrawn status Lost status Source of classification or shelving scheme Damaged status Not for loan Permanent Location Current Location Shelving location Date acquired Accession Number Price effective from Koha item type
    Library of Congress Classification     NILE UNIVERSITY OF NIGERIA - MAIN LIBRARY NILE UNIVERSITY OF NIGERIA - MAIN LIBRARY Items on shelf 04/23/2025 0186888 04/23/2025 Books